| 000 | 00606nam a22001817a 4500 | ||
|---|---|---|---|
| 008 | 130821s1912 fr gr fre | ||
| 040 |
_aCo-BoUCM _bspa |
||
| 041 | 0 | 0 | _afre |
| 100 | 1 |
_aScott, Walter _cSir _d1771-1832 _959905 |
|
| 245 | 1 | 0 |
_aRob Roy _cWalter Scott ; traducido del inglés por D. Amador de Castro |
| 260 |
_aParís (Francia) _bGarnier Hermanos _c1912 |
||
| 300 | _a2 volúmenes | ||
| 650 | 0 | 4 |
_aLiteratura inglesa _9272 |
| 650 | 0 | 4 |
_aNovela inglesa _920530 |
| 700 | 1 |
_aAmador de Castro D _etr _9150099 |
|
| 942 |
_cLIBRO _a18 _e1 _mS26 _n0 _2DEWEY _h823 |
||
| 999 |
_c86754 _d86754 |
||